000 00206 a2200097 4500
001 58086
100 _a
245 _aTreasure of Khan
260 _aEngland
_bPenguin Books ltd
_c2006
090 _c35598
_d35598
942 _aNUST-CAE
_c
_c28444
999 _c293159
_d293159